• 首页
  • 本馆介绍
  • 公告通知
  • 最新文献
  • 馆藏检索
  • 电子资源
  • 读者导购
  • 参考咨询
  • 我的图书馆
  • 登录
  • 详细信息显示
  • 放入我的书架
  • 预约/预借图书
  • 作者相关作品
  • 分类相关作品
  • 丛书相关作品
  • 出版社相关作品

书目信息

  • 表格格式
  • 工作单格式
  • 卡片格式
题名:
一学就会的107种西点
    
 
作者: 黎国雄 主编
分册:  
出版信息: 南京   江苏凤凰科学技术出版社  2015.07
页数: 160页
开本: 26cm
丛书名:
单 册:
中图分类: TS213.2
科图分类:
主题词: 粮食加工--食品工业 , 粮食加工
电子资源:
ISBN: 978-7-5537-4384-4
000 00626nam0 2200205 450
001 1114
005 20161008083744.71
010    @a978-7-5537-4384-4@b平装@dCNY29.80
100    @a20160830d2015 km y0chiy0120 ea
101 0  @achi
200 1  @a一学就会的107种西点@Ayi xue jiu hui de 107 zhong xi dian@f黎国雄主编@Fli guo xiong zhu bian
210    @a南京@c江苏凤凰科学技术出版社@d2015.07
215    @a160页@d26cm
330    @a西点-制作
606 0  @a粮食加工@x食品工业
606 0  @a粮食加工
690    @aTS213.2@v4
701  0 @a黎国雄@Ali guo xiong@4主编
801  0 @aCN@b唐山师范学院图书馆@c20160830
905    @aZUCC@dTS213.2@e223
    
    一学就会的107种西点/黎国雄主编.-南京:江苏凤凰科学技术出版社,2015.07
    160页;26cm
    
    
    ISBN 978-7-5537-4384-4(平装):CNY29.80
    西点-制作
●
相关链接 在E读中查询图书 在五车中查询图书 在当当中查询图书 在豆瓣中查询图书


正题名:一学就会的107种西点     索取号:TS213.2/223         预约/预借

序号 登录号 条形码 馆藏地/架位号 状态 备注
1 906958   209069586   第二样本阅览室/ [索取号:TS213.2/223] 在馆    
2 906959   209069595   第三借阅区/ [索取号:TS213.2/223] 在馆    
3 906960   209069602   第三借阅区/ [索取号:TS213.2/223] 在馆    
4 906961   209069611   第三借阅区/ [索取号:TS213.2/223] 在馆    
5 906962   209069620   第三借阅区/ [索取号:TS213.2/223] 在馆    
欢迎您!
大连网信软件有限公司© 版权所有